Food and wine tourism : integrating food, travel and territory /

Bibliographic Details
Main Author: Croce, Erica
Other Authors: Perri, Giovanni
Format: Book
Language:English
Published: Wallingford, Oxfordshire, UK ; Cambridge, MA : CABI, [2010]
Series:CABI tourism texts.
Subjects:

MARC

Tag First Indicator Second Indicator Subfields
LEADER 00000cam a2200000 a 4500
001 in00002688198
005 20151202113914.0
008 100421s2010 enkab b 001 0 eng
010 |a  2010016389 
020 |a 9781845936617 (alk. paper) 
020 |a 1845936612 (alk. paper) 
029 1 |a AU@  |b 000045529915 
035 |a (OCoLC)ocn608687786 
035 |a (OCoLC)608687786 
040 |a DLC  |c DLC  |d YDX  |d YDXCP  |d UAB  |d UtOrBLW 
041 1 |a eng  |h ita 
049 |a TXAM 
050 0 0 |a G155.A1  |b C74516 2010 
082 0 0 |a 641  |2 22 
100 1 |a Croce, Erica. 
240 1 0 |a Turismo enogastronomico.  |l English 
245 1 0 |a Food and wine tourism :  |b integrating food, travel and territory /  |c Erica Croce and Giovanni Perri. 
264 1 |a Wallingford, Oxfordshire, UK ;  |a Cambridge, MA :  |b CABI,  |c [2010] 
264 4 |c ©2010 
300 |a ix, 201 pages :  |b illustrations, maps ;  |c 25 cm. 
336 |a text  |b txt  |2 rdacontent 
337 |a unmediated  |b n  |2 rdamedia 
338 |a volume  |b nc  |2 rdacarrier 
490 1 |a CABI tourism texts 
500 |a Translated from Italian. 
504 |a Includes bibliographical references and index. 
650 0 |a Food tourism. 
650 0 |a Wine tourism. 
700 1 |a Perri, Giovanni. 
830 0 |a CABI tourism texts. 
938 |a YBP Library Services  |b YANK  |n 3320460 
945 |a PromptCat  |b 195098 
946 |a stk 
947 |a A14840568079 
994 |a 92  |b TXA 
948 |a Cataloged  |b h  |c 2011/1/19  |d c  |e rsmith 
999 |a MARS 
999 f f |s 79f29c0d-fbcd-38fd-9732-f5d7432c7def  |i d70b19fd-4745-36fd-b3b4-5056ff8118fe  |t 0 
952 f f |p ric  |a Texas A&M University  |b Rellis Campus  |c Joint Library Facility  |d Remote Storage  |t 0  |e G155.A1 C74516 2010  |h Library of Congress classification  |i unmediated -- volume  |m A14840568079 
998 f f |a G155.A1 C74516 2010  |t 0  |l Remote Storage